| 000 | 00653nam a2200229Ia 4500 | ||
|---|---|---|---|
| 003 | OSt | ||
| 005 | 20221005084741.0 | ||
| 006 | a|||||r|||| 00| 0 | ||
| 007 | ta | ||
| 008 | 221004b |||||||| |||| 00| 0 fre d | ||
| 024 | _a122461 | ||
| 037 |
_bGift, 27/10/2012, _cTextual |
||
| 040 |
_aCRL _cCRL _bfre |
||
| 041 |
_2fre _afre |
||
| 082 | _aO122:3M44,17, 111E4 | ||
| 245 | 0 | _aGreat novels of Anatole France | |
| 260 |
_aNew York _bBook League of America USA _c1914 |
||
| 300 |
_a505p. _ccm. |
||
| 650 |
_aFRENCH LITERATURE _913614 |
||
| 942 |
_hO122:3M44,17, 111E4 _cTEXL _2cc |
||
| 999 |
_c993071 _d993071 |
||